Calculus.
Sábháilte in:
| Príomhchruthaitheoir: | |
|---|---|
| Rannpháirtithe: | , |
| Formáid: | Anaithnid |
| Teanga: | Béarla |
| Foilsithe / Cruthaithe: |
Barcelona, España:
Reverté, S.A.,
2012
|
| Eagrán: | 3ª edición en español. |
| Ábhair: | |
| Clibeanna: |
Cuir clib leis
Níl clibeanna ann, Bí ar an gcéad duine le clib a chur leis an taifead seo!
|
MARC
| LEADER | 00000 a2200000 4500 | ||
|---|---|---|---|
| 003 | CL-VaPUC | ||
| 005 | 20220512083753.0 | ||
| 008 | 220429b2012 ||||| |||| 00| 0 eng d | ||
| 999 | |c 434900 |d 434898 | ||
| 020 | |a 9788429151824 | ||
| 040 | |c Pontificia Universidad Católica de Valparaíso | ||
| 082 | 7 | |a 515 SPI 2012 |2 22 | |
| 100 | 1 | |a Spivak, Michael |9 304612 |e autor | |
| 245 | 1 | |a Calculus. | |
| 250 | |a 3ª edición en español. |b (4ª edición original). | ||
| 260 | |a Barcelona, España: |b Reverté, S.A., |c 2012 | ||
| 300 | |a 682 páginas | ||
| 583 | |k Cristina María Rojas Aguilar |c 20220429 | ||
| 650 | 0 | |a Cálculo |9 260234 | |
| 650 | 0 | |a Derivadas e integrales |9 868859 | |
| 650 | 0 | |a Sucesiones y series infinitas |9 868860 | |
| 700 | |a Oller Sala, José María |e traductor |9 868861 | ||
| 700 | |a Serra Camó, Luis |e traductor |9 868862 | ||
| 942 | |2 ddc |c BK | ||
| 952 | |0 0 |1 0 |2 ddc |4 0 |6 515_000000000000000_SPI_2012 |7 0 |8 A |9 582793 |a BIBMAT |b BIBMAT |c GEN |d 2022-04-29 |e 74 |g 60356.00 |i 5650978 |l 9 |m 3 |o 515 SPI 2012 |p 5650978 |r 2025-01-07 |s 2024-09-11 |t 3 |v 60356.00 |w 2022-04-29 |y BK |k MAT | ||
| 952 | |0 0 |1 0 |2 ddc |4 0 |6 515_000000000000000_SPI_2012 |7 0 |8 A |9 582794 |a BIBMAT |b BIBMAT |c GEN |d 2022-04-29 |e 74 |g 60356.00 |i 5650976 |l 11 |m 9 |o 515 SPI 2012 |p 5650976 |r 2025-01-07 |s 2024-09-11 |t 1 |v 60356.00 |w 2022-04-29 |y BK |k MAT | ||
| 952 | |0 0 |1 0 |2 ddc |4 0 |6 515_000000000000000_SPI_2012 |7 0 |8 A |9 582795 |a BIBMAT |b BIBMAT |c GEN |d 2022-04-29 |e 74 |g 60356.00 |i 5650977 |l 15 |m 8 |o 515 SPI 2012 |p 5650977 |r 2025-01-07 |s 2023-12-05 |t 2 |v 60356.00 |w 2022-04-29 |y BK |k MAT | ||